| 000 | 00379nam a22001217a 4500 | ||
|---|---|---|---|
| 999 |
_c470 _d470 |
||
| 008 | 190119b ||||| |||| 00| 0 eng d | ||
| 100 | _aKunjunni Raja, K | ||
| 245 | _aNew Catalogus Catalogorum: An Alphabetical Register of Sanskrit and Allied works and Authors Vol.9 | ||
| 260 |
_aMadras _bUniversity of Madras _c1977 |
||
| 300 | _a419p. | ||
| 700 | _aK.Kunjunni Raja | ||
| 942 | _cREF | ||